Minecraft Secret Life: All Deaths in Order - Statistics

General Stats
  • This quiz has been taken 14 times
  • The average score is 35 of 50
Answer Stats
Session Player Death % Correct
Session 2

InTheLittleWood

was slain by Piglin Brute
100%
Session 3

SolidarityGaming

was impaled by Drowned
100%
Session 4

SolidarityGaming

was doomed to fall by Ender Dragon
100%
Session 6

LDShadowLady

ran out of lives!
100%
Session 6

Mumbo

ran out of lives!
100%
Session 6

SolidarityGaming

ran out of lives!
100%
Session 7

impulseSV

was slain by BdoubleO100
83%
Session 7

ZombieCleo

drowned
83%
Session 7

BdoubleO100

was slain by Zombie
83%
Session 7

GeminiTay

was shot by GoodTimeWithScar
83%
Session 8

GoodTimeWithScar

was blown up by Skizzleman
83%
Session 4

InTheLittleWood

fell out of the world
83%
Session 5

LDShadowLady

was slain by SolidarityGaming
83%
Session 6

BdoubleO100

was slain by Zombie
67%
Session 6

bigbst4tz2

was doomed to fall by GoodTimeWithScar
67%
Session 7

Etho

was slain by GoodTimeWithScar
67%
Session 3

GeminiTay

was slain by Enderman
67%
Session 7

GoodTimeWithScar

was shot by PearlescentMoon
67%
Session 6

Grian

was shot by a skull from 1 Stick Wither
67%
Session 3

LDShadowLady

was shot by Skeleton
67%
Session 5

Mumbo

fell from a high place
67%
Session 7

PearlescentMoon

blew up
67%
Session 6

Skizzleman

was shot by Skeleton
67%
Session 7

Smajor1995

was slain by InTheLittleWood
67%
Session 3

Smallishbeans

fell from a high place
67%
Session 7

Tango

was slain by Wolf
67%
Session 8

impulseSV

was slain by GeminiTay using [GeminiSlay]
67%
Session 6

Mumbo

tried to swim in lava
67%
Session 7

Skizzleman

was shot by Smallishbeans
67%
Session 8

Smajor1995

was slain by GeminiTay using [GeminiSlay]
67%
Session 9

BdoubleO100

ran out of lives!
67%
Session 9

GeminiTay

ran out of lives!
67%
Session 9

Grian

ran out of lives!
67%
Session 9

impulseSV

ran out of lives!
67%
Session 9

PearlescentMoon

ran out of lives!
67%
Session 9

Smajor1995

ran out of lives!
67%
Session 9

Smallishbeans

ran out of lives!
67%
Session 9

Tango

ran out of lives!
67%
Session 9

ZombieCleo

ran out of lives!
67%
Session 7

bigbst4tz2

was slain by Smallishbeans
50%
Session 8

Etho

was slain by GoodTimeWithScar
50%
Session 8

Grian

was shot by PearlescentMoon
50%
Session 8

PearlescentMoon

was slain by GeminiTay using [GeminiSlay]
50%
Session 7

Smallishbeans

was slain by GeminiTay using [GeminiSlay]
50%
Session 7

Tango

was slain by GoodTimeWithScar
50%
Session 8

ZombieCleo

was shot by PearlescentMoon
50%
Session 9

bigbst4tz2

ran out of lives!
50%
Session 9

Etho

ran out of lives!
50%
Session 9

InTheLittleWood

ran out of lives!
50%
Session 9

Skizzleman

ran out of lives!
50%
No matching quizzes found
Score Distribution
Percent of People with Each Score
Percentile by Number Answered
Your Score History
You have not taken this quiz